Mimo reality - alebo presne v strede? o dôležitosti spätnej väzby

Čo znamená pre manažérov úspech vo vedení ľudí. Ako dlho byť úspešným, nie priemerným a vonkoncom nie vyhodeným manažérom. Kľúčové body, ktoré odhalia správnu cestu a slabé stránky manažéra.

Saved in:
Bibliographic Details
Main Author: Lukačka, Rudo
Format: Book Chapter
Language:Slovak
Subjects:
Tags: Add Tag
No Tags, Be the first to tag this record!

MARC

LEADER 00000naa a2200000 4500
001 0190811
005 20240417075045.3
041 0 |a slo 
044 |a SK 
245 1 0 |a Mimo reality - alebo presne v strede?  |b o dôležitosti spätnej väzby  |c Rudo Lukačka 
520 |a Čo znamená pre manažérov úspech vo vedení ľudí. Ako dlho byť úspešným, nie priemerným a vonkoncom nie vyhodeným manažérom. Kľúčové body, ktoré odhalia správnu cestu a slabé stránky manažéra. 
610 2 0 |a manažment 
610 2 0 |a manažéri 
610 2 0 |a riadenie 
610 2 0 |a vedenie 
610 2 0 |a rozhodovanie manažérske 
610 2 0 |a metódy riadenia 
610 2 0 |a technika riadenia 
100 1 |a Lukačka, Rudo